Statistiques concernant Personnages de Miraculous de A à Z en images

Cliquez ici pour prendre le quiz!

Statistiques générales

  • Ce quiz a été pris 221 fois
    (29 depuis la dernière actualisation)
  • Le résultat moyen est 15 sur 26

Statistiques - réponses

Réponse% Correct
Nino Lahiffe
96%
Ivan Bruel
92%
Alix Kubdel
88%
Juleka Couffaine
83%
Kagami Tsurugi
83%
Sabrina Raincomprix
83%
Rena Rouge
79%
Zoé Lee
79%
Lila Rossi
75%
La Marionnettiste
71%
Vipérion
71%
Denis Damoclès
63%
La Béfana
63%
Ondine
63%
Wang Fu
63%
XY
58%
Fang
50%
Clara Rossignol
42%
Horrificator
42%
Grenouille
33%
Pigella
33%
Qilin
21%
Etta Césaire
17%
Yan Cheng
13%
Trouble Fête
8%
Ubiquity
8%

Distribution des résultats

Percentile par nombre de réponses

% des personnes avec chaque résultat

Votre développement - résultats

Vous n’avez pas pris ce quiz depuis la dernière actualisation